Meritocracy or reputation? The role of rankings in the sorting of international students across universities (Record no. 174829)

MARC details
000 -LEADER
fixed length control field 02284nam a2200193Ia 4500
005 - DATE AND TIME OF LATEST TRANSACTION
control field 20241022123601.0
008 - FIXED-LENGTH DATA ELEMENTS--GENERAL INFORMATION
fixed length control field 241022s9999 xx 000 0 und d
040 ## - CATALOGING SOURCE
Transcribing agency LDD
100 ## - MAIN ENTRY--PERSONAL NAME
Personal name Soysal, Yasemin Nuhoglu
245 #0 - TITLE STATEMENT
Title Meritocracy or reputation? The role of rankings in the sorting of international students across universities
260 ## - PUBLICATION, DISTRIBUTION, ETC.
Place of publication, distribution, etc. United Kingdom
Name of publisher, distributor, etc. Taylor & Francis
Date of publication, distribution, etc. 2024
300 ## - PHYSICAL DESCRIPTION
Other physical details 252-263
490 ## - Journal
Journal Globalisation,Societies and Eduacation
Volume/sequential designation 22(2)
500 ## - GENERAL NOTE
General note University rankings have gained prominence in tandem with the global race towards excellence and as part of the growing expectation of rational, scientific evaluation of performance across a range of institutional sectors and human activity. While their omnipresence is acknowledged, empirically we know less about whether and how rankings matter in higher education outcomes. Do university rankings, predicated on universalistic standards and shared metrics of quality, function meritocratically to level the impact of long-established reputations? We address this question by analysing the extent to which changes in the position of UK universities in ranking tables, beyond existing reputations, impact on their strategic goal of international student recruitment. We draw upon an ad hoc dataset merging aggregate (university) level indicators of ranking performance and reputation with indicators of other institutional characteristics and international student numbers. Our findings show that recruitment of international students is primarily determined by university reputation, socially mediated and sedimented over the long term, rather than universities’ yearly updated ranking positions. We conclude that while there is insufficient evidence that improving rankings changes universities’ international recruitment outcomes, they are nevertheless consequential for universities and students as strategic actors investing in rankings as purpose and identity
650 ## - SUBJECT ADDED ENTRY--TOPICAL TERM
Topical term or geographic name entry element University rankingsreputational prestigequantification and metrics
700 ## - ADDED ENTRY--PERSONAL NAME
Personal name Baltaru, Roxana D.Cebolla-Boado, Hector
856 ## - ELECTRONIC LOCATION AND ACCESS
Link text click here to online access
Uniform Resource Identifier <a href="Full article: Meritocracy or reputation? The role of rankings in the sorting of international students across universities">Full article: Meritocracy or reputation? The role of rankings in the sorting of international students across universities</a>
942 ## - ADDED ENTRY ELEMENTS (KOHA)
Koha item type Article
Holdings
Date last seen Total checkouts Price effective from Koha item type Lost status Damaged status Not for loan Withdrawn status Home library Current library Date acquired
10/22/2024   10/22/2024 Article         Library and Documentation Division NCERT Library and Documentation Division NCERT 10/22/2024